An introduction to cosmology
Furkejuvvon:
| Váldodahkki: | |
|---|---|
| Materiálatiipa: | Girji |
| Giella: | eaŋgalasgiella |
| Almmustuhtton: |
Cambridge
University of Cambridge
2002
|
| Preanttus: | 3a. ed |
| Fáttát: | |
| Fáddágilkorat: |
Lasit fáddágilkoriid
Eai fáddágilkorat, Lasit vuosttaš fáddágilkora!
|
MARC
| LEADER | 00000nam a2200000 a 4500 | ||
|---|---|---|---|
| 001 | UCL3795 | ||
| 003 | CL-VaPUC | ||
| 008 | 031212e20020000uk |||||||||||||||||eng|d | ||
| 020 | |a 0521793769 | ||
| 082 | 0 | 4 | |a 523.1 |b NAR |2 21 |
| 100 | |a Narlikar, Jayant Vishnu |e autor |9 481196 | ||
| 245 | 1 | 3 | |a An introduction to cosmology |
| 250 | |a 3a. ed | ||
| 300 | |a 541 p | ||
| 942 | |c BK | ||
| 945 | |d 20031212 00:00:00 |a cmena | ||
| 260 | |a Cambridge |b University of Cambridge |c 2002 | ||
| 650 | 0 | |a Cosmología |9 269138 | |
| 650 | 0 | |a Modelos matemáticos |9 259437 | |
| 650 | 0 | |a Astrofísica |9 269137 | |
| 650 | 0 | |a Teorías científicas |9 316549 | |
| 583 | |a last modification |c 20171220 05:56:14 |k Rodrigo Vera | ||
| 999 | |c 306800 |d 306798 | ||
| 952 | |0 0 |1 0 |4 0 |6 523_100000000000000_NAR_2002 |7 0 |8 A |9 372092 |a BIBCUR |b BIBCUR |d 2019-11-21 |i 3974103 |l 1 |o 523.1 NAR 2002 |p 3974103 |r 2025-04-22 |s 2023-08-10 |w 2019-11-21 |y BK |k FIS | ||
| 952 | |0 0 |1 0 |4 0 |6 523_100000000000000_NAR_2002 |7 0 |8 A |9 372093 |a BIBCUR |b BIBCUR |d 2019-11-21 |i 3974111 |o 523.1 NAR 2002 |p 3974111 |r 2025-04-22 |w 2019-11-21 |y BK |k FIS | ||